banner-ar

دراسة: بداية للتاريخ من زلزال الخليج الى زوال السوفيت / (Record no. 54820)

MARC details
000 -الفاتح
حقل البيانات ثابتة الطول 00544nam a2200157Ia 4500
008 - عناصر البيانات ثابتة الطول - معلومات عامة
حقل البيانات ثابتة الطول 140319s9999 xx 000 0 ara d
040 ## - مصدر الفهرسة
وكالة الفهرسة الأصلية GCL /
وكالة النسخ GCL
082 04 - رقم تصنيف ديوى العشرى
رقم التصنيف 908
رقم المادة غ د
100 1# - المدخل الرئيسى - إسم شخصى
الإسم الشخصى غالى شكرى
245 10 - بيان العنوان
العنوان دراسة: بداية للتاريخ من زلزال الخليج الى زوال السوفيت /
بيان المسئوليه,etc غالى شكرى
260 ## - PUBLICATION, DISTRIBUTION, ETC. (IMPRINT)
تاريخ النشر أو التوزيع 1993
490 ## - بيان السلسلة
عنوان السلسلة مركز خلدون للدراسات الانمائية
رقم المجلد/ التعيين التسلسلي 0
650 04 - المدخل الاضافى بالموضوع-مصطلح موضوعى
مصطلح موضوعي التاريخ
942 ## - عناصر المدخل الإضافي( كوها)
مصدر التصنيف او مخطط الترفيف Dewey Decimal Classification
Koha [default] item type كتاب
260 ## - PUBLICATION, DISTRIBUTION, ETC. (IMPRINT)
-- [S.N] :
-- دار سعاد الصباح ،
Holdings
حالة التراجع حالة الفقد حالة تلف ليس للاعارة المكان المؤقت الموقع الحالى تاريخ الاكتساب اجمالي اﻻعارات رقم الطلب الباركود تاريخ اخر مشاهدة تاريخ تفعيل السعر نوع وعاء كوها
        مكتبة القاهرة الكبرى مكتبة القاهرة الكبرى 03/26/2014   908\غ د 131794 03/26/2014 03/26/2014 كتاب

Powered By

EGPV